[Event "Madrid San Viator op-A 31st"]
[Site "Madrid"]
[Date "2019.09.15"]
[Round "2"]
[White "Tudela Garcia, Antonio"]
[Black "Arribas Jimenez, Pedro Angel"]
[Result "0-1"]
[WhiteElo "1582"]
[BlackElo "1876"]
[PlyCount "68"]
[EventDate "2019.09.08"]
[EventType "swiss"]
[EventRounds "9"]
[EventCountry "ESP"]
[SourceTitle "EXT 2022"]
[Source "ChessBase"]
[SourceDate "2021.10.06"]
[SourceVersion "1"]
[SourceVersionDate "2021.10.06"]
[SourceQuality "1"]

1. e4 e6 2. b3 d5 3. Bb2 Nf6 4. exd5 exd5 5. Qe2+ Be6 6. Nc3 c6 7. Nf3 h6 8. Nd4 Qd7 9. Nxe6 Qxe6 10. Qxe6+ fxe6 11. d4 Bb4 12. 0-0-0 Ng4 13. Rd2 Rf8 14. f3 Nf6 15. Bd3 Kf7 16. Re2 Nh5 17. g3 g5 18. Rhe1 Ng7 19. f4 gxf4 20. gxf4 Nd7 21. Rg1 Nf5 22. Reg2 Rg8 23. Ne2 Nh4 24. Rg3 Nf6 25. Rxg8 Rxg8 26. Rxg8 Kxg8 27. Ng3 Bd6 28. f5 Bxg3 29. hxg3 Nxf5 30. Bxf5 exf5 31. Ba3 Ne4 32. Bc5 b6 33. Be7 Nxg3 34. Bd6 Ne2+ 0-1

[Event "Alcorcon Spring op-A 1st"]
[Site "Alcorcon"]
[Date "2019.04.07"]
[Round "3"]
[White "Arribas Jimenez, Pedro Angel"]
[Black "Martin Lozano, Miguel Angel"]
[Result "1-0"]
[WhiteElo "1855"]
[BlackElo "1724"]
[PlyCount "83"]
[EventDate "2019.03.24"]
[EventType "swiss"]
[EventRounds "9"]
[EventCountry "ESP"]
[SourceTitle "EXT 2020"]
[Source "ChessBase"]
[SourceDate "2019.10.17"]
[SourceVersion "1"]
[SourceVersionDate "2019.10.17"]
[SourceQuality "1"]

1. e4 e6 2. d4 d5 3. e5 c5 4. Qg4 cxd4 5. Bd3 g6 6. Nf3 Nh6 7. Qf4 Nf5 8. g4 Bh6 9. Ng5 Bxg5 10. Qxg5 Qxg5 11. Bxg5 Ng7 12. Bf6 0-0 13. Nd2 Nd7 14. Nb3 Ne8 15. Be7 Nxe5 16. h3 Nxd3+ 17. cxd3 e5 18. Kd2 b6 19. g5 Nc7 20. Bxf8 Kxf8 21. Rae1 e4 22. Nxd4 Ba6 23. dxe4 dxe4 24. Rc1 Rd8 25. Rxc7 Rxd4+ 26. Ke3 Rd3+ 27. Kxe4 Rd2 28. Rxa7 Bc4 29. Rc1 Be6 30. b3 Rxf2 31. Rd1 Kg7 32. Rd6 Bxh3 33. Rxb6 Re2+ 34. Kf4 Be6 35. a4 h5 36. gxh6+ Kxh6 37. a5 g5+ 38. Kf3 Rb2 39. Rxf7 Rxb3+ 40. Rxb3 Bxb3 41. Rf6+ Kh5 42. a6 1-0

[Event "Alcorcon Spring op-A 1st"]
[Site "Alcorcon"]
[Date "2019.03.31"]
[Round "2"]
[White "Lopez Mijail, Nicolas"]
[Black "Arribas Jimenez, Pedro Angel"]
[Result "1-0"]
[WhiteElo "1950"]
[BlackElo "1855"]
[PlyCount "89"]
[EventDate "2019.03.24"]
[EventType "swiss"]
[EventRounds "9"]
[EventCountry "ESP"]
[SourceTitle "EXT 2020"]
[Source "ChessBase"]
[SourceDate "2019.10.17"]
[SourceVersion "1"]
[SourceVersionDate "2019.10.17"]
[SourceQuality "1"]

1. e4 e6 2. d4 d5 3. Nd2 Nf6 4. e5 Nfd7 5. Bd3 c5 6. c3 Nc6 7. Ne2 Be7 8. Nf3 g5 9. h3 h5 10. Be3 h4 11. dxc5 Ndxe5 12. Nxe5 Nxe5 13. Bd4 Nxd3+ 14. Qxd3 Bf6 15. Bxf6 Qxf6 16. 0-0 Rg8 17. Nd4 a6 18. Rfe1 Kf8 19. Qf3 Qxf3 20. Nxf3 f6 21. Rad1 Kf7 22. c4 dxc4 23. Nd2 c3 24. bxc3 e5 25. Nc4 Ke7 26. Rb1 Rb8 27. Na5 Be6 28. Nxb7 Bxa2 29. Rb6 Bd5 30. Na5 Rbc8 31. c6 Kd6 32. c7+ Ke7 33. c4 Ba8 34. Rxa6 Rxc7 35. Rc1 g4 36. hxg4 Rxg4 37. Rxa8 h3 38. g3 f5 39. Kh2 f4 40. Kxh3 Rg6 41. gxf4 exf4 42. Re1+ Kd7 43. Rh8 Rc5 44. Rh7+ Kd8 45. Nb7+ 1-0

[Event "Alcorcon Spring op-A 1st"]
[Site "Alcorcon"]
[Date "2019.03.24"]
[Round "1"]
[White "Arribas Jimenez, Pedro Angel"]
[Black "Lopez Guitian, Juan J"]
[Result "1-0"]
[WhiteElo "1855"]
[BlackElo "1567"]
[PlyCount "63"]
[EventDate "2019.03.24"]
[EventType "swiss"]
[EventRounds "9"]
[EventCountry "ESP"]
[SourceTitle "EXT 2020"]
[Source "ChessBase"]
[SourceDate "2019.10.17"]
[SourceVersion "1"]
[SourceVersionDate "2019.10.17"]
[SourceQuality "1"]

1. e4 c6 2. d4 d5 3. exd5 cxd5 4. c4 Nf6 5. Nc3 e6 6. Nf3 Bb4 7. Ne5 Nfd7 8. Qa4 Bxc3+ 9. bxc3 0-0 10. Bf4 Nxe5 11. Bxe5 Nc6 12. Bf4 Bd7 13. cxd5 Nxd4 14. Qxd4 e5 15. Bxe5 Re8 16. Kd2 Qg5+ 17. Bf4 Qe7 18. a4 a6 19. Bd3 Qd8 20. Rhe1 Qa5 21. Reb1 Rad8 22. Qc4 Rc8 23. Qb4 Qxd5 24. Qd6 Qxg2 25. Qd4 Bg4 26. Rg1 Qf3 27. Rg3 Re2+ 28. Bxe2 Qxe2+ 29. Kc1 Re8 30. Bd2 Re4 31. Qd8+ Re8 32. Qg5 1-0